00450nam a2200169Ia 450000500170000000800410001702000180005804100120007608200180008810000160010624500550012226000430017730000180022065000120023865000190025065000110026920260429112217.0260429s9999||||xx |||||||||||||| ||und|| a9789385330261 aEnglish a305.5688bDOG aDogra, Rita 0aDalit theology and Dalit liberation / cRita Dogra aNew Delhi : bAstha Publishers,c2025. ax, 246 p.; hb a Dalits a Social levels aPeople